1763 1972 1180 1318 1868 1165 1173 1779 1553 1029 1268 1887 1735 1267 1425 1764 1588 1275 1639 1990 1954 1379 1648 1587 1401 1241 1913 1602 1350 1288 1675 1963 1787 1030 1833 1933 1174 1913 1469 1022 1117 1540 1391 1677 1009 1518 1017 1948 1719 1229 1997 1337 1473 1994 1750 1813 1280 1897 1493 1414 1540 1187 1412 1360 1112 1683 1752 1280 1270 1167 1290 1888 1332 1241 1358 1328 1587 1455 1651 1129 1406 1872 1832 1383 1426 1121 1531 1285 1793 1687 1182 1050 1531 1768 1321 1944 1709 1886 1968 BCNSPRNW ULIB Ver.6.0+V

เปลี่ยนเป็นภาษาไทย

Change to English
 แสดงรายละเอียดบรรณานุกรม
  กลับหน้าหลัก

Brief Record : Get Marc (ISO 2709) : E-mail record : QR code < ปิดหน้าต่าง
LEADER : 00000nam 2200000uu 4500
001    13399111006
003     ULIB
008    110614s2010||||th 000 0 eng d
020    9780763769956
020    0763769959
060 04 WG39^bB874e 2010
100 1  Brosche, Theresa
245 14 The EKG handbook /^cTheresa Ann Middleton Brosche ;Jeffrey L. Williams, reviewer
260    Sudbury, Mass. :^bJones and Bartlett Publishers,^c2010
300    ix, 250 p. :^bill. ;^c16 x 23 cm.
504    Includes bibliographical references and index
650  2 Electrocardiography^xmethods^vHandbooks
650  2 Electrocardiography^xmethods^vNurses Instruction
650  2 Heart Diseases^xdiagnosis^vHandbooks
650  2 Heart Diseases^xdiagnosis^vNurses Instruction
945    ^p1216^l0^i030153
995    Kesorn
999 ^a ใช้งานได้ทุกระบบ
รายการนี้ยังไม่มีแท็ก
คุณยังไม่ได้ล็อกอิน คุณสามารถมีกิจกรรมร่วมกับเว็บไซต์ได้ แต่ต้องล็อกอินก่อน ::
  ล็อกอิน

รายการสื่อสารสนเทศ

ลำดับที่ ประเภท เลขเรียก/บาร์โค้ด สถานที่ สถานะ
- ไม่พบข้อมูล -

BibComment


ยังไม่เคยถูกคอมเมนท์

คอมเมนท์ทรัพยากรรายการนี้
  คอมเมนท์: The EKG handbook ..


 Copyright 2026. Bcnsprnw @Library